000 00567nam a22001697a 4500
005 20260309114808.0
008 260309b |||||||| |||| 00| 0 eng d
020 _a978-1-4666-2659-1
100 _aLAING, CHRISTOPHER
245 _aSECURING CRITICAL INFRASTRUCTURES AND CRITICAL CONTROL SYSTEMS
_bAPPROACHES FOR THREAT PROTECTION
260 _aHERSHEY
_bINFORMATION SCIENCE REFERENCE
_c2013
300 _aXIX, , 430P.
500 _aINCLUDES INDEX
650 _a1. BUILDINGS -SECURITY MEASURES 2. INTELLIGENT BUILDINGS
700 _aBADII, ATTA
942 _2lcc
_cBK
999 _c216812
_d216812